000 00529nam a2200193Ia 4500
005 20250508163101.0
008 008 250505s9999 xx 000 0 eng d
037 _aTextual
040 _aFEDL
_beng
_cFEDL
041 _aeng
_2eng
084 _a370.212, NAT
_qFEDL
245 0 _aCondition of education : Statistical report
245 0 _cNational Center for Education Statistics
260 _c1980
300 _axv,336p
650 _aEducation
942 _cTEXL
_h370.212, NAT
999 _c1380726
_d1380726